Reputation Management

Sumarizácia a predstavenie súčasného stavu reputácie podniku v oblasti internetu. Definícia základnej terminológie. Prehľadné teoretické stanovenie problému reputácie v tradičnom kamennom aj virtuálnom svete.

Salvato in:
Dettagli Bibliografici
Autore principale: Pollák, František, 1985-
Altri autori: Dorčák, Peter, 1979-, Markovič, Peter, 1974-
Natura: Capitolo di libro
Lingua:inglese
Soggetti:
Tags: Aggiungi Tag
Nessun Tag, puoi essere il primo ad aggiungerne!!

MARC

LEADER 00000naa$a2200000$$$4500
001 0271249
005 20240502083822.5
041 0 |a eng 
044 |a GB 
245 1 0 |a Reputation Management  |c František Pollák, Peter Dorčák, Peter Markovič 
520 |a Sumarizácia a predstavenie súčasného stavu reputácie podniku v oblasti internetu. Definícia základnej terminológie. Prehľadné teoretické stanovenie problému reputácie v tradičnom kamennom aj virtuálnom svete. 
610 2 0 |a reputácia podniku 
610 2 0 |a riadenie podnikové 
610 2 0 |a internet 
610 2 0 |a imidž 
610 2 0 |a dôvera 
100 1 |a Pollák, František, 1985- 
700 1 |a Dorčák, Peter, 1979- 
700 1 |a Markovič, Peter, 1974-